| 000 | 00782cam a2200277 4500500 | ||
|---|---|---|---|
| 005 | 20260405001921.0 | ||
| 041 | _afre | ||
| 042 | _adc | ||
| 100 | 1 | 0 |
_aLegros, Martin _eauthor |
| 245 | 0 | 0 | _aMatière à penser / Février 2015 |
| 260 | _c2015. | ||
| 500 | _a59 | ||
| 690 | _aByung-Chul Han | ||
| 690 | _aCannabis | ||
| 690 | _aCuba | ||
| 690 | _aÉtat islamique | ||
| 690 | _aÉtats-Unis | ||
| 690 | _aJeremy Bentham | ||
| 690 | _aPeter Singer | ||
| 690 | _aRacisme | ||
| 690 | _aRichard Sennett | ||
| 690 | _aSociété de la fatigue | ||
| 690 | _aYoani Sánchez | ||
| 786 | 0 | _nPhilosophie magazine | 86 | 2 | 2015-02-01 | p. 2-2 | 1951-1787 | |
| 856 | 4 | 1 | _uhttps://shs.cairn.info/magazine-philosophie-magazine-2015-2-page-2?lang=fr&redirect-ssocas=7080 |
| 999 |
_c2052346 _d2052346 |
||